000 00687nam a2200289Ia 4500
005 20260324123321.0
008 008 260324s9999 xx 000 0 eng d
020 _a9781315611389
037 _aEBOOK
040 _aCRL
040 _beng
040 _cCRL
041 _2eng
041 _aeng
084 _qCRL
100 _aDavid Barnard-Wills
_91169852
245 0 _aSurveillance and Identity
245 0 _bDiscourse, Subjectivity and the State
260 _bTaylor and Francis
260 _c2012
365 _a
365 _b255
856 _uhttp://www.taylorfrancis.com/books/9781315611389
942 _cEBOOK
999 _c1763266
_d1763266